ბათუმის შოთა რუსთაველის სახელმწიფო უნივერსიტეტის ბიბლიოთეკა

Инновации в образовании, №11 ноябрь. 2016. (ბიბ.ჩანაწერი № 52593)

000 -LEADER
fixed length control field 00552nam a2200181Ia 4500
001 - CONTROL NUMBER
control field 19617
003 - CONTROL NUMBER IDENTIFIER
control field GE_BSU
008 - FIXED-LENGTH DATA ELEMENTS--GENERAL INFORMATION
fixed length control field 181216s||||||||xx |||||||||||||| ||und||
040 ## - CATALOGING SOURCE
Transcribing agency GE_BSU
245 ## - TITLE STATEMENT
Title Инновации в образовании, №11 ноябрь. 2016.
245 ## - TITLE STATEMENT
Statement of responsibility, etc. Гл.ред.И.В. Сыромятников
260 ## - PUBLICATION, DISTRIBUTION, ETC.
Place of publication, distribution, etc. Москва
260 ## - PUBLICATION, DISTRIBUTION, ETC.
Date of publication, distribution, etc. 2016
300 ## - PHYSICAL DESCRIPTION
Extent 167стр. 25см.
653 ## - INDEX TERM--UNCONTROLLED
Uncontrolled term Инновации в образовании. №11 ноябрь. 2016.
653 ## - INDEX TERM--UNCONTROLLED
Uncontrolled term განათლება
942 ## - ADDED ENTRY ELEMENTS (KOHA)
Koha item type პერიოდიკა
ეგზემპლარები
Withdrawn status Lost status Damaged status Not for loan Date acquired Barcode Date last seen Price effective from Koha item type
        2018-12-17 р 78168 2018-12-17 2018-12-17 პერიოდიკა